000
00289nam a2200121Ia 4500
005
20251222143155.0
008
251222s9999||||xx |||||||||||||| ||spa||
082
_a
658.870.8/K58
100
_a
Kiser Rodriguez, Luis
245
0
_a
Franquicias:
264
_b
Nathan Associates
942
_c
LIB
999
_c
12828
_d
12828